[Event "IECG CP.2009.P.00014 email"]
[Site "IECG email"]
[Date "2009.10.01"]
[Round "?"]
[White "Milani, Roberto"]
[Black "Gaffney, Peter"]
[Result "0-1"]
[WhiteElo "800"]
[BlackElo "1435"]
[PlyCount "54"]
[EventDate "2009.10.01"]
[EventType "tourn (corr)"]
[EventRounds "6"]
[EventCountry "ARG"]
[SourceTitle "Corr 2024"]
[Source "ChessBase"]
[SourceDate "2023.10.19"]
[SourceVersion "1"]
[SourceVersionDate "2023.10.19"]
[SourceQuality "1"]

1. e4 c5 2. Nf3 d6 3. c3 Nf6 4. h3 Nc6 5. Bb5 Nxe4 6. 0-0 Nf6 7. d4 cxd4 8. cxd4 a6 9. Bd3 e6 10. Nc3 Be7 11. Qb3 0-0 12. Bg5 Qa5 13. Ne4 Qb4 14. Nxf6+ Bxf6 15. Qxb4 Nxb4 16. Bxf6 gxf6 17. Bb1 Bd7 18. a3 Nd5 19. Be4 Nf4 20. Bxb7 Ra7 21. Be4 Rb8 22. b4 f5 23. Bc2 Rc8 24. Rac1 Ne2+ 25. Kh2 Nxc1 26. Rxc1 Rac7 27. g4 Rxc2 0-1